Statystyki dla Wszyscy zwycięzcy Ligi Europy

Kliknij tutaj aby rozwiązać quiz!

Ogólne statystyki

  • Ten quiz został rozwiązany 81 razy
  • Średni wynik to 28 z 52

Statystyki odpowiedzi

SezonZwycięzcaFinalista% Poprawnych
2022/23SevillaAS Roma
97%
2015/16SevillaLiverpool
97%
2006/07SevillaEspanyol
97%
2014/15SevillaDnipro Dniepropetrowsk
97%
2013/14SevillaBenfica
97%
2005/06SevillaMiddlesbrough
97%
2019/20SevillaInter Mediolan
97%
2018/19ChelseaArsenal
76%
2012/13ChelseaBenfica
76%
2016/17Manchester UnitedAjax Amsterdam
76%
2000/01LiverpoolDeportivo Alaves
69%
1972/73LiverpoolBorussia Monchengladbach
69%
1975/76LiverpoolClub Brugge
69%
1984/85Real MadrytFehérvár
69%
1985/86Real MadrytFC Koln
69%
1989/90JuventusFiorentina
68%
1976/77JuventusAthletic Bilbao
68%
1992/93JuventusBorussia Dortmund
68%
2009/10Atletico MadrytFulham
64%
2011/12Atletico MadrytAthletic Bilbao
64%
2017/18Atletico MadrytOlympique Marsylia
64%
2020/21VillarrealManchester United
58%
1993/94Inter MediolanRed Bull Salzburg
55%
1990/91Inter MediolanAS Roma
55%
1997/98Inter MediolanLazio
55%
1983/84TottenhamAnderlecht
55%
1971/72TottenhamWolverhampton
55%
2021/22Eintracht FrankfurtRangers
54%
1979/80Eintracht FrankfurtBorussia Monchengladbach
54%
1995/96Bayern MonachiumGirondins Bordeaux
53%
2010/11PortoSC Braga
53%
2002/03PortoCeltic
53%
1991/92Ajax AmsterdamTorino
43%
1977/78PSVBastia
43%
2007/08ZenitRangers
39%
2001/02FeyenoordBorussia Dortmund
36%
1973/74FeyenoordTottenham
36%
2003/04ValenciaOlympique Marsylia
35%
1987/88Bayer LeverkusenEspanyol
31%
2008/09Szachtar DonieckWerder Brema
30%
1988/89NapoliVfB Stuttgard
27%
1999/00GalatasarayArsenal
26%
1994/95ParmaJuventus Turyn
26%
1998/99ParmaOlympique Marsylia
26%
1982/83AnderlechtBenfica
24%
1974/75Borussia MonchengladbachTwente
20%
1978/79Borussia MonchengladbachCrvena zvezda Belgrad
20%
2004/05CSKA MoskwaSporting Lizbona
19%
1996/97Schalke 04Inter Mediolan
16%
1980/81Ipswich TownAZ Alkmaar
12%
1981/82IFK GoteborgHamburger SV
11%
1986/87IFK GoteborgDundee United
11%

Rozkład punktacji

Percentyl według liczby udzielonych odpowiedzi

Procent ludzi z każdym wynikiem

Twoja historia wyników

Nie rozwiązałeś tego quizu